| 000 | 03570nam a2200457 a 4500 | ||
|---|---|---|---|
| 003 | CHAP | ||
| 005 | 20241129133530.0 | ||
| 007 | cr ||||||a|c|a | ||
| 008 | 110118s2010 mx r 00010 spa d | ||
| 035 | _a111934 | ||
| 040 | _cCHAP | ||
| 090 | _aTesis | ||
| 100 | 1 |
_aLicea Morales, Pablo Jesús. _966702 |
|
| 245 | 1 | 0 |
_aEvaluación de la producción de cebada bajo siembra directa en un vertisol del Estado de Guanajuato _c/por Pablo Jesús Licea Morales; director de tesis Aurelio Báez Pérez. |
| 264 | 1 |
_aChapingo, Méx. : _bEl autor, _c2010. |
|
| 300 |
_a1 recurso en línea (76 páginas): _bcuadros, figuras. |
||
| 336 |
_2rdacontent _atexto _btxt |
||
| 337 |
_2rdamedia _acomputadora _bc |
||
| 338 |
_2rdacarrier _arecursos en línea _bcr |
||
| 502 |
_bIAEF _cFitotecnia _d2010. _gLIC |
||
| 520 | _aEn la actualidad la rentabilidad en la producción de granos en El Bajío ha sido impactada por el alza de precio de los fertilizantes químicos y otros insumos agrícolas, por el deterioro del suelo y por el abatimiento de los mantos freáticos. Debido a lo anterior es necesario implementar prácticas agronómicas que conduzcan a revertir la problemática entes mencionada. Con este propósito se estableció un experimento en el Campo Experimental Bajío, en Celaya, Guanajuato, para evaluar la producción de cebada (Hordeum vulgare L.) bajo diversas de prácticas agronómicas con base en la siembra directa (SD). Previo al experimento, se estableció en primavera-verano de 2002 un cultivar de maíz (Zea mays L.) el fin de producir los residuos de cosecha necesarios para la implementación de la SD. Durante el ciclo otoño-invierno se evaluó la producción de cebada variedad. Esperanza, bajo dos sistemas de cultivo: labranza convencional (LC) y SD; tres dosis de fertilización nitrogenada (urea): 90-60-00, 180-60-00 y 270-60-00; y tres sistemas de riego: aspersión, superficial con flujo intermitente y superficial con flujo continuo. Se empleó un diseño experimental factorial 2x3x3 con 18 tratamientos. Se establecieron de cuatro a ocho repeticiones, con un arreglo en bloques al azar. Se monitoreó la humedad volumétrica (HV) en el suelo y la temperatura de 0-30 cm. La producción de grano de cebada fue cerca de 20% mayor en SD respecto a LC. Hubo efectos significativos (p<0.05) por los factores: tipo de siembra y dosis de fertilización, no así por el tipo de riego. Prevaleció una fuerte interacción (p<0.05) entre el tipo de siembra y la dosis de fertilización. En SD la HV, antes de aplicar cada riego, fue 5% mayor que en LC (p<0.05), lo que permitió un mejor aprovechamiento del fertilizante por el cultivo, que tuvo una mayor producción de grano en SD. | ||
| 590 |
_aALEPH _b10 _c20130110 |
||
| 590 |
_aBATCH-UPD _b10 _c20130110 |
||
| 590 |
_aBATCH-UPD _b10 _c20130410 |
||
| 590 |
_aBATCH-UPD _b10 _c20130914 |
||
| 590 |
_aBATCH-UPD _b10 _c20140324 |
||
| 590 |
_aBATCH-UPD _b10 _c20141002 |
||
| 590 |
_aCONVERSION _b10 _c20130109 |
||
| 650 | 1 | 4 |
_aCebada _xGuanajuato. _920684 |
| 650 | 1 | 4 |
_aCebada _xRendimiento. _920707 |
| 650 | 1 | 4 |
_aSiembra directa. _9105840 |
| 650 | 1 | 4 |
_aVertisoles. _9118971 |
| 700 | 1 |
_aBáez Pérez, Aurelio _9189466 _eDirector de tesis. |
|
| 856 |
_uhttp://10.13.5.2/tesis/111934.pdf _zDESCARGAR PDF |
||
| 901 | _aBK | ||
| 942 |
_cTD _2Clasificación Universidad Autónoma Chapingo |
||
| 949 |
_aTesis _bBC _cTES _d33724002227248 _eTS1 _gDonaciØn _h51758 _i111934 _sb |
||
| 949 |
_aTesis _bBC _cTES _d33724002228777 _eTS2 _fc.2 _gDonaciØn _h51759 _i111934 _sb |
||
| 999 |
_c100275 _d100275 |
||